Does Trade Performance Say Anything About Efficient Industrialization Policies? Some Evidence from Pacific Rim Countries

Salvato in:
Dettagli Bibliografici
Autore principale: Spinanger, Dean
Natura: Libro
Lingua:inglese
Pubblicazione: Kiel Institut für Weltwirtschaft 1987
Edizione:1. ed.
Serie:Working Paper No.302
Tags: Aggiungi Tag
Nessun Tag, puoi essere il primo ad aggiungerne!!

MARC

LEADER 00000nam a2200000 4500
001 c033031
005 20221219115715.1
041 0 |a eng 
044 |a DE 
245 1 0 |a Does Trade Performance Say Anything About Efficient Industrialization Policies?  |b Some Evidence from Pacific Rim Countries  |c Dean Spinanger 
250 |a 1. ed. 
264 1 |a Kiel  |b Institut für Weltwirtschaft  |c 1987 
300 |a 51 s. 
490 1 |a Working Paper  |v No.302 
830 0 |a Working Paper  |v No.302 
100 1 |a Spinanger, Dean